Zemědělství mezi mlýnskými kameny.

Stanoviská k otázkam súčasného stavu poľnohospodárstva a situácie poľnohospodárskeho družstevníctva. Názory na východiská z neutešenej situácie v súčasnom poľnohospodárstve, na prípravu realizácie transformačného zákona a na možnosti vytvoriť z družstiev podnikateľské subjekty.

Saved in:
Bibliographic Details
Format: Book Chapter
Language:Czech
Subjects:
Tags: Add Tag
No Tags, Be the first to tag this record!

MARC

LEADER 00000naa a2200000 4500
001 r008674
005 20220831084247.5
041 0 |a cze 
044 |a [CS] 
245 1 0 |a Zemědělství mezi mlýnskými kameny. 
520 |a Stanoviská k otázkam súčasného stavu poľnohospodárstva a situácie poľnohospodárskeho družstevníctva. Názory na východiská z neutešenej situácie v súčasnom poľnohospodárstve, na prípravu realizácie transformačného zákona a na možnosti vytvoriť z družstiev podnikateľské subjekty. 
610 2 0 |a poľnohospodárstvo 
610 2 0 |a družstvá poľnohospodárske 
610 2 0 |a podnikanie 
610 2 0 |a transformácia 
610 2 0 |a hospodárstvo trhové 
610 2 0 |a dotácie 
610 2 0 |a trh vnútorný 
610 2 0 |a Čechy